| 000 | 00451nam a22001337a 4500 | ||
|---|---|---|---|
| 082 | _a200 THE | ||
| 100 |
_aMalik Muhammad Haris Amir _970318 |
||
| 245 | _aTH-SOF-1444-Sensitivity Analysis for Different Orientations of Split Cylinder Resonator | ||
| 260 |
_aIslamabad _bNUST College of EME _c2017 |
||
| 300 |
_aIslamabad _bNUST College of EME _e2017 |
||
| 650 | _aMS-ELECT-83 MSTHESIS | ||
| 700 |
_aSupervisor Dr. Muhammad Naveed _970026 |
||
| 942 | _cCF | ||
| 999 |
_c577310 _d577310 |
||